Практикум по русскому языку. Культура речи: учебное пособие для старшеклассников и абитуриентов

מידע ביבליוגרפי
מחבר ראשי: Воробьева К. В. Клавдия Владимировна
מחברים אחרים: Сергеева Е. В. Елена Владимировна
שפה:רוסית
יצא לאור: СПб., Союз, 2001
סדרה:В помощь абитуриенту и студенту
נושאים:
פורמט: ספר
KOHA link:https://koha.lib.tpu.ru/cgi-bin/koha/opac-detail.pl?biblionumber=57198

MARC

LEADER 00000nam0a2200000 4500
001 57198
005 20231101211643.0
010 |a 594033072X 
035 |a (RuTPU)RU\TPU\book\60333 
090 |a 57198 
100 |a 20031024d2001 m y0rusy50 ca 
101 0 |a rus 
102 |a RU 
105 |a y j 001zy 
200 1 |a Практикум по русскому языку. Культура речи  |e учебное пособие для старшеклассников и абитуриентов  |f К. В. Воробьева, Е. В. Сергеева 
210 |a СПб.  |c Союз  |d 2001 
215 |a 128 с. 
225 1 |a В помощь абитуриенту и студенту 
320 |a Библиогр.: с. 52-53 
606 1 |a Русский язык  |x Учебные руководства и пособия для вузов  |x Пособия по стилистике и переводу  |2 stltpush  |3 (RuTPU)RU\TPU\subj\74662  |9 86753 
610 1 |a стилистика 
610 1 |a культура речи 
610 1 |a ударения 
610 1 |a словари 
686 |a Ш141.2-923.7  |v LBC/SL-A  |2 rubbk 
700 1 |a Воробьева  |b К. В.  |g Клавдия Владимировна 
701 1 |a Сергеева  |b Е. В.  |g Елена Владимировна 
801 1 |a RU  |b 63413507  |c 20031024  |g PSBO 
801 2 |a RU  |b 63413507  |c 20151012  |g PSBO 
942 |c BK